Environmental chemistry
محفوظ في:
| المؤلف الرئيسي: | |
|---|---|
| التنسيق: | كتاب |
| اللغة: | Undetermined |
| منشور في: |
Boca Raton, Florida
Lewis
1999
|
| الموضوعات: | |
| الوسوم: |
إضافة وسم
لا توجد وسوم, كن أول من يضع وسما على هذه التسجيلة!
|
| Thư viện lưu trữ: | Trung tâm Học liệu Trường Đại học Cần Thơ |
|---|
| LEADER | 00544nam a2200193Ia 4500 | ||
|---|---|---|---|
| 001 | CTU_50497 | ||
| 008 | 210402s9999 xx 000 0 und d | ||
| 082 | |a 628.50154 | ||
| 082 | |b M266 | ||
| 100 | |a Manahan, Stanley E.,Manahan, Stanley E. | ||
| 245 | 0 | |a Environmental chemistry | |
| 245 | 0 | |c Stanley E. Manahan | |
| 260 | |a Boca Raton, Florida | ||
| 260 | |b Lewis | ||
| 260 | |c 1999 | ||
| 526 | |a Hóa môi trường | ||
| 526 | |b TN437 | ||
| 650 | |a Environmental chemistry | ||
| 980 | |a Trung tâm Học liệu Trường Đại học Cần Thơ | ||